Postoje české veřejnosti k reklamě

Analýza tendencií v postojoch českej verejnosti k reklame podľa prieskumov MARKTESTu, spoločnosti pre prieskum trhu a verejnej mienky, ktoré sa uskutočnili v r. 1993-1996. Všeobecné požiadavky na reklamu. Názory na intenzitu reklamy. Postoj k reklame so sexuálnymi a erotickými motívmi.

Guardado en:
Detalles Bibliográficos
Autor principal: Vysekalová, Jitka
Formato: Capítulo de libro
Lenguaje:checo
Materias:
Etiquetas: Agregar Etiqueta
Sin Etiquetas, Sea el primero en etiquetar este registro!

MARC

LEADER 00000naa a2200000 4500
001 r025876
005 20230607100354.8
041 0 |a cze 
044 |a CZ 
245 1 0 |a Postoje české veřejnosti k reklamě  |c J. Vysekalová 
520 |a Analýza tendencií v postojoch českej verejnosti k reklame podľa prieskumov MARKTESTu, spoločnosti pre prieskum trhu a verejnej mienky, ktoré sa uskutočnili v r. 1993-1996. Všeobecné požiadavky na reklamu. Názory na intenzitu reklamy. Postoj k reklame so sexuálnymi a erotickými motívmi. 
610 2 0 |a Česko 
610 2 0 |a 1993-1996 
610 2 0 |a marketing 
610 2 0 |a reklama 
610 2 0 |a spoločnosť 
610 2 0 |a postoje 
610 2 0 |a mienka verejná 
100 1 |a Vysekalová, Jitka